=LDR 00000nam 2200000 4500 =001 INLIS000000000030169 =005 20190309013357 =035 ##$$a 0010-061300000030169 =008 190309###########################0#ind## =041 ##$$a ind =082 ##$$a 306.095 984 12 =090 ##$$a 306.095 984 12, ALI o =100 ##$$a Alimuddin, Muhammad Ridwan =245 1#$$a Orang Mandar orang laut, Kebudayaan bahari Mandar mengarungi gelombang perubahan zaman, Muhammad Ridwan Alimuddin /$c Muhammad Ridwan Alimuddin =260 ##$$a 2005 :$b Jakarta =300 ##$$a xx, 184 hlm., ; $c 21 cm =650 ##$$a Suku Mandar =850 ##$$a NBPNMAT =020 ##$$a 979-91-0027-5 =084 ##$$a 306.095 984 12 ALI o =990 ##$$a 04060406 =990 ##$$a 30618119